000 01776cam a22004694i 4500
003 PE-LiUPU
005 20250731173016.0
008 150623s r 000 0 d
020 _a1850759766
035 _a(Sirsi) i9781850759768
040 _aPE-LiUPU
_bspa
_cPE-LiUPU
_erda
049 _aPRUA
082 0 4 _a264.2077
_bS84
_221
100 1 _aStulman, Louis,
_eautor.
245 1 0 _aOrder amid chaos :
_bJeremiah as symbolic tapestry /
_cLouis Stulman.
264 1 _aSheffield, Great Britain :
_bSheffield Academic Press,
_c1998.
300 _a204 páginas ;
_c24 centímetros
336 _atext
_2rdacontent
337 _aunmediated
_2rdamedia
338 _avolume
_2rdacarrier
490 0 _aThe Biblical Seminar ;
_v57
504 _aIncluye bibliografía.
505 0 _aA contextual reading of the prose sermons in Jeremiah: death and dismantling of Judah's sacred world. -Begginnings emerging from a shattered world. -Theological construction in Jeremiah. -Responses to suffering in Jeremiah. -Jeremiah as archetypal figure between two worlds. -Speculation.
526 _aSEG42
526 _aSEG41
526 _aSEG40
526 _aSEG39
526 _aP94
526 _aP87
526 _aP86
526 _aP85
526 _aP77
526 _aP76
526 _aP35
630 _aBiblia.
_pA.T.
_pJeremías
_xComentarios.
942 _2ddc
_cBOOK
949 _a264.2077 S84
_wDEWEY
_c1
_i47294
_lCCODEBUL1
_mBUL
_r0
_sY
_tBOOK
_u2015-6-24
_xTEOLOGIA
_PP35
_0COMPRA
_o.STAFF. Colección General
994 _aC0
_bPEPRU
596 _a1
999 _a264.2077 S84
_wDEWEY
_c23841
_i47294
_f2021-11-10
_g5
_lCCODEBUL1
_mBUL
_r0
_sY
_tBOOK
_u2015-6-24
_xTEOLOGIA
_PP35
_0COMPRA
_o.STAFF. Colección General
_d23841
980 _81
_gALBERTO SANCHEZ Responsable de Automatización